[Event "Unna Open 2023"]
[Site "Unna"]
[Date "2023.12.29"]
[Round "6.17"]
[White "Westermann, Walter"]
[Black "Gieseler, Felix"]
[Result "0-1"]
[WhiteElo "1681"]
[BlackElo "1948"]
[PlyCount "76"]
[EventDate "2023.12.??"]
[EventType "swiss"]
[EventRounds "7"]
[EventCountry "GER"]
[Tiebreak "Progressive score"]
[SourceVersionDate "2023.12.27"]

1. e4 e5 2. Nf3 Nc6 3. Bb5 Nf6 4. O-O Nxe4 5. Re1 Nd6 6. Nxe5 Be7 7. Bf1 Nxe5
8. Rxe5 O-O 9. d4 Bf6 10. Re1 Nf5 11. d5 d6 12. Nc3 Bxc3 13. bxc3 Qf6 14. Qf3
Bd7 15. Rb1 b6 16. Bd3 Rfe8 17. Rxe8+ Rxe8 18. Bb2 Qg5 19. Rd1 h6 20. c4 Nd4
21. Qg3 Ne2+ 22. Bxe2 Qxg3 23. hxg3 Rxe2 24. Rc1 Bf5 25. Kf1 Rxc2 26. Rxc2 Bxc2
27. Ke2 f5 28. Ke3 Kf7 29. Bc3 g5 30. Bb2 Be4 31. f3 Bb1 32. a3 Ba2 33. Kd4 Kg6
34. Bc3 h5 35. g4 hxg4 36. fxg4 f4 37. Kd3 Bb3 38. Ke4 Bd1 0-1

[Event "Unna Open 2023"]
[Site "Unna"]
[Date "2023.12.29"]
[Round "6.18"]
[White "Klein, Andreas"]
[Black "Bauch, Olaf"]
[Result "0-1"]
[WhiteElo "1677"]
[BlackElo "1923"]
[PlyCount "62"]
[EventDate "2023.12.??"]
[EventType "swiss"]
[EventRounds "7"]
[EventCountry "GER"]
[Tiebreak "Progressive score"]
[SourceVersionDate "2023.12.27"]

1. e4 c6 2. d4 d5 3. Nc3 dxe4 4. Nxe4 Nd7 5. Nf3 Ngf6 6. Ng3 e6 7. Be2 Qc7 8.
c3 Bd6 9. Qc2 O-O 10. Bd3 b6 11. Ng5 h6 12. N5e4 Be7 13. Bd2 c5 14. Qc1 cxd4
15. Bxh6 Ng4 16. Bxg7 Kxg7 17. Nh5+ Kg8 18. h3 Nge5 19. Bb1 Ng6 20. Qh6 Qe5 21.
O-O Qh8 22. Qxh8+ Kxh8 23. cxd4 f5 24. Nc3 Nf6 25. Ng3 Rg8 26. Kh2 Nh4 27. Rg1
Bb7 28. Nce2 Bd6 29. f4 Rg7 30. Bd3 Rag8 31. Raf1 Nh5 0-1

[Event "Unna Open 2023"]
[Site "Unna"]
[Date "2023.12.29"]
[Round "6.19"]
[White "Kappelhoff, Pius"]
[Black "Wenning, Niels"]
[Result "0-1"]
[WhiteElo "1671"]
[BlackElo "1914"]
[PlyCount "83"]
[EventDate "2023.12.??"]
[EventType "swiss"]
[EventRounds "7"]
[EventCountry "GER"]
[Tiebreak "Progressive score"]
[SourceVersionDate "2023.12.27"]

1. c4 e6 2. g3 d5 3. d4 Nf6 4. Nc3 Bb4 5. Bg2 O-O 6. Nf3 c5 7. dxc5 dxc4 8. O-O
Qa5 9. Qd4 Nc6 10. Qxc4 Qxc5 11. Qxc5 Bxc5 12. Bg5 Bd7 13. Rfd1 Rfd8 14. Rd2
Be8 15. Rad1 Rxd2 16. Rxd2 Bb4 17. Nd4 Rd8 18. Nxc6 Rxd2 19. Bxd2 Bxc6 20. Bxc6
bxc6 21. Ne4 Be7 22. Nxf6+ Bxf6 23. Bc3 Bxc3 24. bxc3 Kf8 25. Kf1 Ke7 26. Ke1
Kd6 27. Kd2 Kc5 28. Kd3 e5 29. f3 f5 30. e4 g6 31. Kd2 Kb5 32. Kc2 Ka4 33. Kb2
a6 34. a3 Kb5 35. Kb3 Kc5 36. a4 a5 37. g4 fxe4 38. fxe4 g5 39. Kc2 Kc4 40. Kd2
Kb3 41. Kd3 c5 42. c4 0-1

[Event "Unna Open 2023"]
[Site "Unna"]
[Date "2023.12.29"]
[Round "6.20"]
[White "Alnajmi, Mustafa"]
[Black "Hart, Klaus"]
[Result "1/2-1/2"]
[WhiteElo "1608"]
[BlackElo "1873"]
[PlyCount "53"]
[EventDate "2023.12.??"]
[EventType "swiss"]
[EventRounds "7"]
[EventCountry "GER"]
[Tiebreak "Progressive score"]
[SourceVersionDate "2023.12.27"]

1. b3 c5 2. Bb2 e6 3. c4 Nf6 4. Nc3 b6 5. Nf3 Bb7 6. d4 d5 7. e3 cxd4 8. Nxd4
Nbd7 9. cxd5 Nxd5 10. Nxd5 Bxd5 11. a3 Be7 12. e4 Bb7 13. f3 O-O 14. Be2 Bf6
15. O-O a6 16. Ra2 b5 17. b4 Nb6 18. Nb3 Na4 19. Qxd8 Bxd8 20. Bd4 Bc7 21. Rc2
Rac8 22. g3 Bb6 23. Rfc1 Rxc2 24. Rxc2 Bxd4+ 25. Nxd4 Rc8 26. Rxc8+ Bxc8 27. e5
1/2-1/2

[Event "Unna Open 2023"]
[Site "Unna"]
[Date "2023.12.29"]
[Round "6.21"]
[White "Meier, Jan"]
[Black "Kramer, Martin"]
[Result "1-0"]
[WhiteElo "1856"]
[BlackElo "1622"]
[PlyCount "61"]
[EventDate "2023.12.??"]
[EventType "swiss"]
[EventRounds "7"]
[EventCountry "GER"]
[Tiebreak "Progressive score"]
[SourceVersionDate "2023.12.27"]

1. d4 d5 2. Nf3 Nf6 3. e3 c5 4. b3 cxd4 5. exd4 Bf5 6. Bd3 Bxd3 7. Qxd3 e6 8.
O-O Be7 9. Nbd2 O-O 10. Bb2 Nbd7 11. Rfe1 Rc8 12. Rad1 Qc7 13. Rc1 Qa5 14. a3
b5 15. b4 Qb6 16. Nb3 Ra8 17. Ra1 Rfc8 18. c3 Ne4 19. Nc5 Ndf6 20. Ne5 Rd8 21.
a4 bxa4 22. Rxa4 Bxc5 23. dxc5 Qc7 24. Qd4 Nd7 25. Nxd7 Qxd7 26. Rea1 Nf6 27.
Ra6 Rdc8 28. h3 Rc7 29. Qe5 Ne8 30. Bc1 f6 31. Qxe6+ 1-0

[Event "Unna Open 2023"]
[Site "Unna"]
[Date "2023.12.29"]
[Round "6.22"]
[White "Soppe, Peter"]
[Black "Meyer, Ulrich"]
[Result "0-1"]
[WhiteElo "1451"]
[BlackElo "1829"]
[PlyCount "80"]
[EventDate "2023.12.??"]
[EventType "swiss"]
[EventRounds "7"]
[EventCountry "GER"]
[Tiebreak "Progressive score"]
[SourceVersionDate "2023.12.27"]

1. c4 e5 2. Nc3 Nc6 3. Nf3 g6 4. d4 exd4 5. Nxd4 Bg7 6. Nxc6 bxc6 7. Qc2 d6 8.
g3 Ne7 9. Bg2 O-O 10. O-O Be6 11. b3 Qc8 12. Bb2 Bh3 13. Ne4 Bxg2 14. Bxg7 Bxe4
15. Qxe4 Kxg7 16. Qxe7 Re8 17. Qh4 Rxe2 18. Qd4+ f6 19. Rfe1 Qe6 20. Kf1 Re5
21. f4 c5 22. Qd2 Re4 23. Rxe4 Qxe4 24. Qg2 Re8 25. Qxe4 Rxe4 26. Kf2 f5 27.
Rd1 Kf6 28. Rd3 a5 29. h4 h5 30. Kf3 Ke6 31. Re3 Rxe3+ 32. Kxe3 a4 33. Kd3 axb3
34. axb3 c6 35. Kc3 Kd7 36. b4 cxb4+ 37. Kxb4 Kc7 38. Kc3 c5 39. Kb3 Kc6 40.
Kc3 d5 0-1

[Event "Unna Open 2023"]
[Site "Unna"]
[Date "2023.12.29"]
[Round "6.23"]
[White "Küsgen, Dirk"]
[Black "Scholtyßek, Normann"]
[Result "0-1"]
[WhiteElo "1805"]
[BlackElo "1559"]
[PlyCount "44"]
[EventDate "2023.12.??"]
[EventType "swiss"]
[EventRounds "7"]
[EventCountry "GER"]
[Tiebreak "Progressive score"]
[SourceVersionDate "2023.12.27"]

1. e4 e6 2. d4 d5 3. Nc3 b6 4. Bd3 Bb7 5. exd5 Nf6 6. Bb5+ c6 7. dxc6 Nxc6 8.
Nf3 a6 9. Be2 Qc7 10. O-O Rd8 11. Be3 e5 12. d5 Nb4 13. Bg5 Be7 14. a3 Nbxd5
15. Nxd5 Rxd5 16. Qc1 h6 17. Be3 O-O 18. c4 Rd7 19. Qc3 Ng4 20. h3 Nxe3 21.
Qxe3 e4 22. Nd2 Bg5 0-1

[Event "Unna Open 2023"]
[Site "Unna"]
[Date "2023.12.29"]
[Round "6.24"]
[White "Hart, Theo"]
[Black "Schulz, Robin"]
[Result "1-0"]
[WhiteElo "1889"]
[BlackElo "1451"]
[PlyCount "71"]
[EventDate "2023.12.??"]
[EventType "swiss"]
[EventRounds "7"]
[EventCountry "GER"]
[Tiebreak "Progressive score"]
[SourceVersionDate "2023.12.27"]

1. d4 Nf6 2. Nf3 g6 3. Nc3 Bg7 4. e4 d6 5. Bd3 O-O 6. h3 Re8 7. Bg5 e5 8. Nd5
Nbd7 9. dxe5 dxe5 10. Qd2 c6 11. Nxf6+ Nxf6 12. O-O-O b5 13. Qe3 Qc7 14. Kb1 a5
15. Qc5 Rb8 16. Rhe1 a4 17. Bf1 Bf8 18. Qe3 Nd7 19. Bh4 c5 20. Bg5 b4 21. Bc4
Nb6 22. Bb5 Bd7 23. Bxd7 Nxd7 24. Rd5 f6 25. Bh6 c4 26. Bxf8 Kxf8 27. Red1 Red8
28. Qh6+ Kg8 29. Qd2 Rb7 30. Rd6 c3 31. Qd5+ Kg7 32. Qe6 cxb2 33. Nh2 h5 34. g4
Kf8 35. gxh5 gxh5 36. Rg1 1-0

[Event "Unna Open 2023"]
[Site "Unna"]
[Date "2023.12.29"]
[Round "6.25"]
[White "Vollenberg, Jörg"]
[Black "Alberts, Kai"]
[Result "0-1"]
[WhiteElo "1543"]
[BlackElo "1907"]
[PlyCount "28"]
[EventDate "2023.12.??"]
[EventType "swiss"]
[EventRounds "7"]
[EventCountry "GER"]
[Tiebreak "Progressive score"]
[SourceVersionDate "2023.12.27"]

1. d4 Nf6 2. c4 g6 3. Nc3 Bg7 4. e4 d6 5. Nf3 O-O 6. Bg5 h6 7. Be3 Nbd7 8. h4
Ng4 9. Bd2 e5 10. d5 f5 11. Qc2 Nc5 12. b4 Nxe4 13. Be3 Nxc3 14. Qxc3 f4 0-1

[Event "Unna Open 2023"]
[Site "Unna"]
[Date "2023.12.29"]
[Round "6.26"]
[White "Knetsch, Alfred"]
[Black "Barskij, Aleksandr"]
[Result "0-1"]
[WhiteElo "1581"]
[BlackElo "1805"]
[Annotator "Medger,Gernot"]
[PlyCount "84"]
[EventDate "2023.12.??"]
[EventType "swiss"]
[EventRounds "7"]
[EventCountry "GER"]
[Tiebreak "Progressive score"]
[SourceVersionDate "2023.12.27"]

1. c4 Nf6 2. Nc3 d5 3. cxd5 Nxd5 4. e4 Nxc3 5. bxc3 g6 6. d4 Bg7 7. Nf3 c5 8.
Bb2 Qa5 9. Qd2 cxd4 10. cxd4 Qxd2+ 11. Nxd2 O-O 12. Rb1 Nc6 13. d5 Nd4 14. Bd3
e6 15. Nb3 Nxb3 16. axb3 exd5 17. Bxg7 Kxg7 18. exd5 Rd8 19. Bc4 Bf5 20. Rd1 a6
21. Rd4 $11 Rd6 22. g4 Be6 23. Ke2 b5 24. Bd3 Rxd5 25. Ke3 Rxd4 26. Kxd4 Rd8+
27. Ke3 Bxb3 28. Rc1 Rd6 29. Rc7 Kf6 30. f4 h6 31. h4 Kg7 32. Ra7 Bd5 33. g5
hxg5 34. hxg5 Be6 35. Be2 Bf5 36. Bf1 Be6 37. Be2 Rb6 38. Bf1 b4 39. Bxa6 $11
b3 40. Bd3 b2 41. Bb1 Rb3+ 42. Kd2 Bf5 0-1

[Event "Unna Open 2023"]
[Site "Unna"]
[Date "2023.12.29"]
[Round "6.27"]
[White "Bilau, Max"]
[Black "Öztekin, Atilla"]
[Result "0-1"]
[WhiteElo "1553"]
[BlackElo "1780"]
[PlyCount "66"]
[EventDate "2023.12.??"]
[EventType "swiss"]
[EventRounds "7"]
[EventCountry "GER"]
[Tiebreak "Progressive score"]
[SourceVersionDate "2023.12.27"]

1. d4 Nf6 2. c4 g6 3. Nc3 Bg7 4. e4 O-O 5. Be2 d6 6. Bg5 c5 7. d5 e6 8. Qd2
exd5 9. exd5 Re8 10. Nf3 Bf5 11. O-O Qb6 12. Nh4 Ne4 13. Nxe4 Bxe4 14. f3 Qxb2
15. Qxb2 Bxb2 16. fxe4 Bxa1 17. Rxa1 h6 18. Bf4 Rxe4 19. Bxd6 Rxe2 20. Bxc5 Re4
21. Nf3 Rxc4 22. Be3 Nd7 23. Bxh6 f6 24. Re1 Kf7 25. Bd2 Re8 26. Rf1 Kg7 27.
Rb1 b6 28. a4 Rxa4 29. Rc1 Nc5 30. Bc3 Rd8 31. Re1 Rxd5 32. Re7+ Kf8 33. Rc7
Rd1+ 0-1

[Event "Unna Open 2023"]
[Site "Unna"]
[Date "2023.12.29"]
[Round "6.28"]
[White "Winter, Magnus"]
[Black "Greiving, Leonard Simon"]
[Result "0-1"]
[WhiteElo "1780"]
[BlackElo "1535"]
[PlyCount "126"]
[EventDate "2023.12.??"]
[EventType "swiss"]
[EventRounds "7"]
[EventCountry "GER"]
[Tiebreak "Progressive score"]
[SourceVersionDate "2023.12.27"]

1. e4 c6 2. d4 d5 3. exd5 cxd5 4. Bd3 Nc6 5. c3 Nf6 6. h3 g6 7. Nf3 Qc7 8. O-O
Bf5 9. Re1 Bxd3 10. Qxd3 Bg7 11. Be3 O-O 12. Nbd2 Rfe8 13. Re2 Rad8 14. Nb3 Nd7
15. Qd2 e5 16. dxe5 Ndxe5 17. Nxe5 Nxe5 18. Bd4 Nc4 19. Qc2 Re6 20. Rae1 Rde8
21. Bxg7 Kxg7 22. Nd4 Re5 23. b3 Na5 24. Qd3 a6 25. g3 Nc6 26. Kg2 Kg8 27. f4
Rxe2+ 28. Rxe2 Rxe2+ 29. Nxe2 Qa5 30. Nc1 Qa3 31. Qc2 Qc5 32. Nd3 Qe3 33. Nf2
d4 34. cxd4 Qxd4 35. Nd3 Qe4+ 36. Kf2 Nd4 37. Qd1 Nf5 38. Qe2 Qxe2+ 39. Kxe2
Nxg3+ 40. Kf3 Nf5 41. Ke4 Kf8 42. Kd5 Ke7 43. Kc5 f6 44. Kb6 Nd6 45. b4 g5 46.
fxg5 fxg5 47. a4 h5 48. Nf2 Ke6 49. Kc5 Nc8 50. Ne4 g4 51. h4 Ke5 52. Ng3 Kf4
53. Nxh5+ Kf3 54. Kd4 Nb6 55. a5 Nd7 56. Kd5 Nf6+ 57. Nxf6 g3 58. h5 g2 59. h6
g1=Q 60. h7 Qg7 61. Ke6 Ke3 62. Ke5 Kd3 63. Ke6 Kc4 0-1

[Event "Unna Open 2023"]
[Site "Unna"]
[Date "2023.12.29"]
[Round "6.29"]
[White "Willems, Marcus"]
[Black "Deysenroth, Patrick"]
[Result "0-1"]
[WhiteElo "1414"]
[BlackElo "1743"]
[Annotator "Medger,Gernot"]
[PlyCount "56"]
[EventDate "2023.12.??"]
[EventType "swiss"]
[EventRounds "7"]
[EventCountry "GER"]
[Tiebreak "Progressive score"]
[SourceVersionDate "2023.12.27"]

1. e4 c6 2. d4 d5 3. Nc3 dxe4 4. Nxe4 Nf6 5. Nxf6+ exf6 6. Bc4 Bd6 7. Qe2+ Be7
8. c3 O-O 9. Be3 Bd6 10. Qd2 Re8 11. Ne2 Nd7 12. Bf4 Nb6 13. Bd3 Bf8 14. O-O
Bg4 15. Rfe1 Qd7 16. c4 Bf5 17. a3 $11 Rad8 18. Rad1 Na4 19. b3 Bxd3 20. bxa4
Bxc4 21. Be3 Bd5 22. Qc3 Bd6 23. Bf4 Rxe2 24. Rxe2 Bxf4 25. Rde1 Be6 26. a5
Qxd4 27. Qb3 Qd7 28. Qb4 Bd2 0-1

[Event "Unna Open 2023"]
[Site "Unna"]
[Date "2023.12.29"]
[Round "6.30"]
[White "Richter, Marc"]
[Black "Borch, Roland"]
[Result "1-0"]
[WhiteElo "1651"]
[BlackElo "1382"]
[PlyCount "37"]
[EventDate "2023.12.??"]
[EventType "swiss"]
[EventRounds "7"]
[EventCountry "GER"]
[Tiebreak "Progressive score"]
[SourceVersionDate "2023.12.27"]

1. c4 Nf6 2. Nc3 c6 3. d4 g6 4. e4 d6 5. Nf3 Bg7 6. h3 O-O 7. Be2 a5 8. Be3 h6
9. Qd2 Kh7 10. g4 b5 11. Bd3 bxc4 12. Bxc4 Ba6 13. Bb3 d5 14. e5 Ng8 15. Bc2 e6
16. h4 f5 17. exf6 Rxf6 18. Ne5 Ne7 19. h5 1-0

[Event "Unna Open 2023"]
[Site "Unna"]
[Date "2023.12.29"]
[Round "6.31"]
[White "Deno, Thomas"]
[Black "Nadan, Nikolas"]
[Result "0-1"]
[WhiteElo "1542"]
[BlackElo "1641"]
[PlyCount "36"]
[EventDate "2023.12.??"]
[EventType "swiss"]
[EventRounds "7"]
[EventCountry "GER"]
[Tiebreak "Progressive score"]
[SourceVersionDate "2023.12.27"]

1. d4 d5 2. Nc3 Nf6 3. Bf4 c5 4. e3 Nc6 5. Nb5 Qa5+ 6. c3 cxd4 7. exd4 Bg4 8.
f3 e5 9. dxe5 Nh5 10. Be3 Bd7 11. g4 a6 12. Nd6+ Bxd6 13. exd6 Nf6 14. Qd2 O-O
15. O-O-O Qxa2 16. g5 Nb4 17. Qd4 Qa1+ 18. Kd2 Qxb2+ 0-1

[Event "Unna Open 2023"]
[Site "Unna"]
[Date "2023.12.29"]
[Round "6.33"]
[White "Bertschik, Jonas"]
[Black "Jorke, Roland"]
[Result "1-0"]
[WhiteElo "1788"]
[BlackElo "1386"]
[Annotator "Medger,Gernot"]
[PlyCount "125"]
[EventDate "2023.12.??"]
[EventType "swiss"]
[EventRounds "7"]
[EventCountry "GER"]
[Tiebreak "Progressive score"]
[SourceVersionDate "2023.12.27"]

1. d4 Nf6 2. c4 d5 3. cxd5 Nxd5 4. e4 Nf6 5. Nc3 e6 6. Nf3 a6 7. Bg5 Be7 8. Bc4
h6 9. Bh4 b5 10. Bd3 Bb7 11. Qc2 Ng4 12. Bg3 Nf6 13. O-O Nh5 14. Be5 Nf6 15. h3
Bd6 16. Bxd6 cxd6 17. Rac1 Nbd7 18. Rfe1 Nb6 19. b3 Rc8 20. Qb1 Nh5 21. Ne2 Nf6
22. Rxc8 Nxc8 23. Rc1 O-O 24. Nd2 Nb6 25. Qc2 Qc8 26. Qc7 Qxc7 27. Rxc7 Bc8 28.
Rc6 Nfd7 29. Rxd6 Bb7 30. e5 Rc8 31. Ne4 Rc6 32. Rxc6 Bxc6 33. Nd6 Kf8 34. Be4
Nd5 35. f4 Nb8 36. Kf2 Nb4 37. Bb1 Nd5 38. g4 b4 39. f5 exf5 40. Nxf5 Bb5 $11
41. Nc1 Nc3 42. Bc2 Bc6 43. Ne3 Be4 44. Bxe4 Nxe4+ 45. Ke2 Nc6 46. Nc2 a5 47.
Ke3 Nc3 48. Kd3 Ke7 49. Kc4 Kd7 50. Ne3 g6 51. Nd5 Nxd5 52. Kxd5 Kc7 53. Nd3
Ne7+ 54. Kc5 h5 55. d5 Kb7 56. d6 Nc6 57. gxh5 gxh5 58. h4 Nd8 59. Nf4 Nc6 60.
Kd5 Nd8 61. Nxh5 Kb6 62. Nf4 Kb5 63. h5 1-0

[Event "Unna Open 2023"]
[Site "Unna"]
[Date "2023.12.29"]
[Round "6.34"]
[White "Hammerschmidt, Martin"]
[Black "Le, Elias"]
[Result "1-0"]
[WhiteElo "1745"]
[BlackElo "1317"]
[PlyCount "89"]
[EventDate "2023.12.??"]
[EventType "swiss"]
[EventRounds "7"]
[EventCountry "GER"]
[Tiebreak "Progressive score"]
[SourceVersionDate "2023.12.27"]

1. Nf3 Nf6 2. d4 g6 3. Bf4 d6 4. c4 Bg7 5. Nc3 Bf5 6. h3 Na6 7. e3 c5 8. g4 Bd7
9. d5 Qa5 10. Bd3 h5 11. g5 Nh7 12. Qd2 Bxc3 13. bxc3 O-O-O 14. Qb2 e5 15. dxe6
Bxe6 16. e4 Rhf8 17. O-O-O f5 18. e5 d5 19. Nd2 d4 20. cxd4 Rxd4 21. Nb3 Qb6
22. Nxd4 Qxb2+ 23. Kxb2 cxd4 24. Bd2 f4 25. Bxg6 Nxg5 26. Bxh5 Ne4 27. Be1 Nac5
28. Rxd4 Rh8 29. Bf3 Na4+ 30. Ka3 Ng5 31. Rxf4 Nxf3 32. Rxf3 Bxc4 33. Re3 Nb6
34. Rc3 Kd7 35. f4 Ke6 36. Rg1 Bd5 37. Rg6+ Kf5 38. Rf6+ Ke4 39. Bf2 Nc4+ 40.
Kb4 a5+ 41. Kb5 Rc8 42. Bc5 b6 43. Bxb6 Nd6+ 44. exd6 Rxc3 45. d7 1-0

[Event "Unna Open 2023"]
[Site "Unna"]
[Date "2023.12.29"]
[Round "6.35"]
[White "Ait Khouya, Muhammad"]
[Black "Wiese, Thomas"]
[Result "0-1"]
[WhiteElo "1298"]
[BlackElo "1694"]
[PlyCount "52"]
[EventDate "2023.12.??"]
[EventType "swiss"]
[EventRounds "7"]
[EventCountry "GER"]
[Tiebreak "Progressive score"]
[SourceVersionDate "2023.12.27"]

1. d4 Nf6 2. Nf3 e6 3. Bf4 b6 4. e3 Bb7 5. Be2 Be7 6. Nbd2 O-O 7. O-O Nh5 8. h3
Nxf4 9. exf4 d6 10. c3 Nd7 11. Re1 Bf6 12. Bd3 g6 13. Ne4 Bg7 14. Ng3 Re8 15.
Rc1 c5 16. Bb5 a6 17. Ba4 b5 18. Bb3 Qb6 19. dxc5 Nxc5 20. Nd2 Rad8 21. Nde4
Nxe4 22. Nxe4 d5 23. Ng3 d4 24. cxd4 Rxd4 25. Qg4 Rd2 26. f5 Qxf2+ 0-1

[Event "Unna Open 2023"]
[Site "Unna"]
[Date "2023.12.29"]
[Round "6.36"]
[White "Weiner, Timon Liam"]
[Black "Lohkämper, Thomas"]
[Result "0-1"]
[WhiteElo "1270"]
[BlackElo "1550"]
[PlyCount "74"]
[EventDate "2023.12.??"]
[EventType "swiss"]
[EventRounds "7"]
[EventCountry "GER"]
[Tiebreak "Progressive score"]
[SourceVersionDate "2023.12.27"]

1. e4 c6 2. d4 d5 3. exd5 cxd5 4. c4 Nf6 5. Nc3 Nc6 6. Nf3 Bg4 7. Be3 e6 8. Bd3
Bb4 9. O-O dxc4 10. Bxc4 Bxc3 11. bxc3 O-O 12. Bg5 h6 13. Bh4 g5 14. Bg3 Bf5
15. Ne5 Rc8 16. Qb3 Na5 17. Qb4 Nxc4 18. Nxc4 Nd5 19. Qb3 Bd3 20. Qd1 Bxc4 21.
Qh5 Bxf1 22. Be5 Kh7 23. Qf3 f6 24. c4 Bxc4 25. Qe4+ Kg7 26. Rb1 Ba6 27. h4
fxe5 28. hxg5 Qxg5 29. f4 Rxf4 30. Qxe5+ Qxe5 31. dxe5 Rc2 32. Kh2 Rff2 33. a4
Rxg2+ 34. Kh3 Nf4+ 35. Kh4 Rc3 36. Rh1 Rcg3 37. Rg1 Rg4# 0-1

[Event "Unna Open 2023"]
[Site "Unna"]
[Date "2023.12.29"]
[Round "6.37"]
[White "Jacob, Phil"]
[Black "Krolik, Wilfried"]
[Result "1/2-1/2"]
[WhiteElo "1279"]
[BlackElo "1545"]
[Annotator "Medger,Gernot"]
[PlyCount "75"]
[EventDate "2023.12.??"]
[EventType "swiss"]
[EventRounds "7"]
[EventCountry "GER"]
[Tiebreak "Progressive score"]
[SourceVersionDate "2023.12.27"]

1. b3 e5 2. Bb2 d6 3. e3 Nf6 4. Nf3 Be7 5. Be2 O-O 6. d3 b6 7. c4 Bb7 8. Nbd2
Nbd7 9. Qc2 Rc8 10. O-O c5 11. Rfd1 Qc7 12. Nf1 d5 13. cxd5 Nxd5 14. Ng3 g6 15.
d4 Nb4 16. Qb1 exd4 17. exd4 f5 18. a3 Nd5 19. dxc5 bxc5 20. Bc4 N7b6 21. Qd3
Bf6 22. Bxf6 Rxf6 23. Re1 Kg7 24. Ng5 Nf4 25. Qc3 $11 Nxc4 26. Ne6+ Nxe6 27.
Rxe6 Rcf8 28. Rxf6 Rxf6 29. Qxc4 Qc6 30. f3 Re6 31. Qc3+ Kg8 32. Nf1 Ba6 33.
Rc1 Rd6 34. Ne3 Rd3 35. Qe5 Rxb3 36. Rxc5 Rb1+ 37. Kf2 Rb2+ 38. Qxb2 1/2-1/2

[Event "Unna Open 2023"]
[Site "Unna"]
[Date "2023.12.29"]
[Round "6.38"]
[White "Cassel, Silas"]
[Black "Lauenstein, Nico"]
[Result "1-0"]
[WhiteElo "1545"]
[BlackElo "1266"]
[PlyCount "31"]
[EventDate "2023.12.??"]
[EventType "swiss"]
[EventRounds "7"]
[EventCountry "GER"]
[Tiebreak "Progressive score"]
[SourceVersionDate "2023.12.27"]

1. d4 d5 2. Nf3 Nf6 3. c3 Bf5 4. Qb3 b6 5. c4 e6 6. cxd5 exd5 7. Nc3 c6 8. Bg5
Be7 9. e3 O-O 10. Ne5 Ne4 11. Bxe7 Qxe7 12. Rc1 f6 13. Nxc6 Nxc6 14. Nxd5 Qe6
15. Rxc6 Qf7 16. Ne7+ 1-0

[Event "Unna Open 2023"]
[Site "Unna"]
[Date "2023.12.29"]
[Round "6.39"]
[White "Dimitriadis, Elias"]
[Black "Soppe, Victoria"]
[Result "1-0"]
[WhiteElo "1540"]
[BlackElo "1275"]
[PlyCount "39"]
[EventDate "2023.12.??"]
[EventType "swiss"]
[EventRounds "7"]
[EventCountry "GER"]
[Tiebreak "Progressive score"]
[SourceVersionDate "2023.12.27"]

1. e4 e5 2. Nf3 Nc6 3. Bb5 Bc5 4. O-O Nf6 5. c3 d6 6. d4 exd4 7. cxd4 Bb6 8. d5
a6 9. Ba4 Bd7 10. dxc6 Bxc6 11. Bxc6+ bxc6 12. Nc3 O-O 13. Bg5 Re8 14. Re1 Qc8
15. Bxf6 gxf6 16. h3 Ba5 17. Nh4 d5 18. Nf5 dxe4 19. Qg4+ Kh8 20. Qg7# 1-0

[Event "Unna Open 2023"]
[Site "Unna"]
[Date "2023.12.29"]
[Round "6.40"]
[White "Ploeger, Marc Andre"]
[Black "Kasnatschenko, Ilayda"]
[Result "1-0"]
[WhiteElo "1523"]
[BlackElo "1242"]
[PlyCount "57"]
[EventDate "2023.12.??"]
[EventType "swiss"]
[EventRounds "7"]
[EventCountry "GER"]
[Tiebreak "Progressive score"]
[SourceVersionDate "2023.12.27"]

1. e4 e5 2. Nf3 Nf6 3. Nxe5 d6 4. Nf3 Nxe4 5. d4 d5 6. Bd3 Nc6 7. O-O Be7 8.
Nbd2 Nxd2 9. Qxd2 Be6 10. c3 h6 11. Re1 Qd7 12. Bb5 O-O 13. b3 a6 14. Ne5 Qd6
15. Bxc6 bxc6 16. a4 Rfe8 17. Ba3 Qd8 18. Nxc6 Qd7 19. Nxe7+ Rxe7 20. Bxe7 Qxe7
21. c4 Qf6 22. Rad1 Qg6 23. Re3 c6 24. Rg3 Qe4 25. Qxh6 g6 26. c5 Qc2 27. Re1
Rb8 28. h3 Rxb3 29. Rxe6 1-0

[Event "Unna Open 2023"]
[Site "Unna"]
[Date "2023.12.29"]
[Round "6.42"]
[White "Ilic, Mihajlo"]
[Black "Schweda, Albert"]
[Result "1/2-1/2"]
[WhiteElo "1010"]
[BlackElo "1479"]
[Annotator "Medger,Gernot"]
[PlyCount "37"]
[EventDate "2023.12.??"]
[EventType "swiss"]
[EventRounds "7"]
[EventCountry "GER"]
[Tiebreak "Progressive score"]
[SourceVersionDate "2023.12.27"]

1. e4 e5 2. Nf3 d6 3. d4 Bg4 4. dxe5 Bxf3 5. Qxf3 dxe5 6. Bc4 Nf6 7. O-O Nbd7
8. Nc3 c6 9. Bg5 Be7 10. Rad1 Qc7 11. Rfe1 h6 12. Bh4 O-O 13. Qf5 Rad8 14. Bd3
Nc5 15. Bc4 b5 16. Bb3 a5 17. a4 b4 18. Bxf6 Bxf6 19. Ne2 $11 1/2-1/2

[Event "Unna Open 2023"]
[Site "Unna"]
[Date "2023.12.29"]
[Round "6.45"]
[White "Schulze-Ardey, Dario"]
[Black "Konrad, Alechander"]
[Result "1-0"]
[WhiteElo "1119"]
[BlackElo "1625"]
[PlyCount "57"]
[EventDate "2023.12.??"]
[EventType "swiss"]
[EventRounds "7"]
[EventCountry "GER"]
[Tiebreak "Progressive score"]
[SourceVersionDate "2023.12.27"]

1. e4 e6 2. d4 d5 3. e5 c5 4. c3 Nc6 5. Nf3 Qb6 6. b3 Nge7 7. Bd3 Bd7 8. Be3
cxd4 9. Bxd4 Nxd4 10. Nxd4 Nc6 11. Nd2 Nxe5 12. N2f3 Nxd3+ 13. Qxd3 Be7 14. Ne5
Bc6 15. Qf3 O-O 16. O-O Bf6 17. Rfe1 Qc7 18. Ng4 Bxd4 19. cxd4 a5 20. Rac1 Qb6
21. Qf4 a4 22. Re3 axb3 23. Rxb3 Qd8 24. Nh6+ gxh6 25. Qxh6 f5 26. Rg3+ Kf7 27.
Rg7+ Ke8 28. Qxe6+ Qe7 29. Qxe7# 1-0

[Event "Unna Open 2023"]
[Site "Unna"]
[Date "2023.12.29"]
[Round "6.46"]
[White "Pennekamp, Christoph"]
[Black "Stein, Wolfgang"]
[Result "0-1"]
[WhiteElo "1476"]
[BlackElo "1261"]
[PlyCount "72"]
[EventDate "2023.12.??"]
[EventType "swiss"]
[EventRounds "7"]
[EventCountry "GER"]
[Tiebreak "Progressive score"]
[SourceVersionDate "2023.12.27"]

1. d4 e6 2. c4 f5 3. Nf3 Nf6 4. Bg5 d5 5. cxd5 exd5 6. e3 Be7 7. Nc3 O-O 8. Bd3
c6 9. a3 Ne4 10. Bxe7 Qxe7 11. O-O Nd7 12. Qb3 Ndf6 13. Qc2 Kh8 14. Rfe1 Nd7
15. Ne2 g5 16. b4 a6 17. Qb2 Qg7 18. a4 Ndf6 19. b5 Ng4 20. Nc3 Ngxf2 21. Bxe4
Nxe4 22. bxc6 bxc6 23. Ne5 Bd7 24. Nxe4 Rab8 25. Qc2 fxe4 26. Nxc6 Rbc8 27. Qb3
Bxc6 28. Rac1 Qd7 29. Qa3 Rfd8 30. Rf1 Kg7 31. a5 Bb5 32. Rxc8 Rxc8 33. Rc1
Rxc1+ 34. Qxc1 Qc6 35. Qc5 Qxc5 36. dxc5 Kf7 0-1